| 000 | 00391pab a2200145 454500 | ||
|---|---|---|---|
| 008 | 180718b2003 xxu||||| |||| 00| 0 eng d | ||
| 100 | _aSugimoto, T. | ||
| 245 | _aA human damage prediction method for Tsunami disasters incorporating evacuation activities | ||
| 260 | _c2003 | ||
| 300 | _ap.585-600. | ||
| 362 | _aJul | ||
| 650 | _aDisasters | ||
| 773 | _aNatural Hazards | ||
| 909 | _a58165 | ||
| 999 |
_c58165 _d58165 |
||